Who stole Onew's chicken? (KPOP LOGIC QUIZ) Stats

 Plays Quiz not verified by Sporcle

Score 0/20 Timer 20:00
29 Plays Today
Hint Answer % Correct
Onew



???
100%
Irene



???
43.3%
Taemin (bonus hint; enter 'gucci slippers')



???
39%
Yunho



???
33.1%
Hoshi



???
32.2%
Jaehyun



???
31.9%
Winwin



???
29.9%
Luna



???
29.1%
G-Dragon



???
26.7%
Lisa



???
26.3%
Hint Answer % Correct
Key



???
26.1%
Dino



???
22.3%
Hani



???
19.1%
Bambam



???
18.2%
Sehun



???
17.9%
Eunwoo



???
17.7%
Seohyun



???
16.3%
Jonghyun



???
13.6%
Seungri



???
13.5%
DK



???
11.7%

You're not logged in!

Compare scores with friends on all Sporcle quizzes.
OR
Log In

You Might Also Like...

Show Comments

Extras

Top Quizzes Today


Score Distribution

Your Account Isn't Verified!

In order to create a playlist on Sporcle, you need to verify the email address you used during registration. Go to your Sporcle Settings to finish the process.

Report this User

Report this user for behavior that violates our Community Guidelines.

Details: